000 00495nam a22001577a 4500
008 161110b xxu||||| |||| 00| 0 eng d
020 _a978-971-014-283-5
082 _22014
_aDFil 512
_bAb13a
100 _917040
_aAbad, Ma. Leah I.
_eauthor.
245 _aAdvanced algebra/
_cMa. Leah I. Abad.
260 _aBulacan:
_bSt Andrew Publishing House,
_cc2014.
300 _aviii, 206 pages;
_c25 cm.
500 _aIncludes bibliographical references.
650 0 _917039
_aAlgebra.
942 _2ddc
_cDFIL
999 _c5530
_d5530